Efektywnosc ekonomiczna procesów reprodukcji srodków trwalych w przemysle
Gespeichert in:
| 1. Verfasser: | |
|---|---|
| Format: | Buch |
| Sprache: | Polnisch |
| Veröffentlicht: |
Katowice
Akademia Ekon. im. Karola Adamieckiego
1989
|
| Ausgabe: | 1. wyd. |
| Schriftenreihe: | Prace naukowe
|
| Tags: |
Keine Tags, Fügen Sie das erste Tag hinzu!
|
MARC
| LEADER | 00000nam a2200000 4500 | ||
|---|---|---|---|
| 001 | c035001 | ||
| 005 | 20221206131258.1 | ||
| 041 | 0 | |a pol | |
| 044 | |a PL | ||
| 245 | 1 | 0 | |a Efektywnosc ekonomiczna procesów reprodukcji srodków trwalych w przemysle |c Halina Buk |
| 250 | |a 1. wyd. | ||
| 264 | 1 | |a Katowice |b Akademia Ekon. im. Karola Adamieckiego |c 1989 | |
| 300 | |a 249 s. | ||
| 490 | 1 | |a Prace naukowe | |
| 830 | 0 | |a Prace naukowe | |
| 100 | 1 | |a Buk, Halina | |